Fill the World Map with City Dots Of Radius 5, with hints - Statistics

General Stats
  • This quiz has been taken 84 times
  • The average score is 366 of 1055
Answers on the Map
Answers color-coded by a green-red scale on the quiz's map according to % correct below.
 
Answer Stats
ANSWER % Correct
London
79%
Paris
73%
Berlin
71%
Madrid
71%
Moscow
69%
Sydney
69%
Abu Su____
68%
Adamsto__
68%
Aku_____
68%
Al_____
68%
Al____
68%
Al___
68%
Alice Sp_____
68%
An____
68%
Antsir_____
68%
Ao___
68%
Ap__
68%
Ar____
68%
Ar___
68%
Ar__
68%
Arao____
68%
Arba M_____
68%
Arij____
68%
Arm_____
68%
Arthur's ____
68%
At__
68%
At____
68%
Atafu Vill___
68%
Av____
68%
Awj____
68%
Ay____
68%
Ba____
68%
Bal_____
68%
Balka_____
68%
Bat____
68%
Be____
68%
Belize_____
68%
Berez____
68%
Bi___
68%
Bili____
68%
Bo____
68%
Bo__
68%
Bo_____
68%
Br__
68%
Br____
68%
Bridg_____
68%
Broken_____
68%
Buden_____
68%
Ca_____
68%
Ca____
68%
Campbell _____
68%
Cargados Caraj__
68%
Carna____
68%
Cau_____
68%
Cher____
68%
Chian_____
68%
Choibals__
68%
Chokur____
68%
Chum____
68%
Ciudad _____
68%
Clyde R____
68%
Co_____
68%
Co____
68%
Cockburn ____
68%
Coih_____
68%
Col____
68%
Corner _____
68%
Da____
68%
Dali_____
68%
Dawson ____
68%
Deputa____
68%
Di____
68%
Do____
68%
Dodge_____
68%
Dr___
68%
Dutch Ha____
68%
Eb__
68%
Edinburgh of the Seven S___
68%
Eir_____
68%
El B_____
68%
Em__
68%
En___
68%
Eu____
68%
Fa__
68%
Fair_____
68%
Fernando de Nor____
68%
Flying Fish C___
68%
Fort McM_____
68%
Fort Ne____
68%
Franci_____
68%
Funa____
68%
Fuvah_____
68%
Ga_
68%
Gaal_____
68%
General_____
68%
George_____
68%
Georget___
68%
Gera_____
68%
Gh__
68%
Ghad____
68%
Gjoa H____
68%
Gri_____
68%
Grytvike_
68%
Ha____
68%
Haines Junc____
68%
Hanga____
68%
Happy Valley-Goose____
68%
Helsinki
68%
Hen_____
68%
Hi____
68%
High L____
68%
Ho_____
68%
Ho__
68%
Hooper____
68%
Huku____
68%
Il____
68%
In _____
68%
In___
68%
In____
68%
Ingeniero Guillermo N. J_____
68%
Ini____
68%
Iqa____
68%
Ish_____
68%
Jacareac____
68%
Jamest___
68%
Ji_____
68%
Ju____
68%
Ka_____
68%
Kalgo_____
68%
Kam_____
68%
Kapuska____
68%
Kava_____
68%
Khan____
68%
Khat____
68%
Ki____
68%
Ki___
68%
Kings___
68%
Kly____
68%
Ko_____
68%
Ko____
68%
Kol____
68%
Kolpa_____
68%
Koror _____
68%
Kostom_____
68%
Kotz____
68%
Kuglu____
68%
Kunun____
68%
Kur_____
68%
Kuri____
68%
Kuyb_____
68%
La__
68%
La R____
68%
Le_
68%
Le_____
68%
Les A_____
68%
Leshukons____
68%
Lik___
68%
Lo____
68%
Longyear____
68%
Lud_____
68%
Ma_____
68%
Ma__
68%
Ma____
68%
Man_____
68%
Mata____
68%
McMurdo Sta____
68%
Merim____
68%
Mersa M_____
68%
Mi___
68%
Min_____
68%
Mirafl____
68%
Mo___
68%
Mo____
68%
Mö___
68%
Mo_____
68%
More____
68%
Moun_____
68%
Mount _____
68%
Moutsam_____
68%
Mp____
68%
Mt____
68%
Na____
68%
Nar'ya_____
68%
Ne__
68%
Ne____
68%
Nery_____
68%
Nhulu____
68%
Nikolayevsk-on_____
68%
No____
68%
No__
68%
Norman W____
68%
North P_____
68%
Novyy Ur_____
68%
Nu__
68%
Nui____
68%
Nuku'_____
68%
Ny____
68%
Okh____
68%
Olonkinby__
68%
Olyokm____
68%
Omsuk____
68%
Op___
68%
Os____
68%
Oslo
68%
Ostro____
68%
Pa__
68%
Pangkala_____
68%
Pangnir____
68%
Pe_____
68%
Pe___
68%
Petrovsk-Zabaykal_____
68%
Ponta De_____
68%
Port_____
68%
Port-aux-Franca__
68%
Port He_____
68%
Port Math____
68%
Prince G_____
68%
Provide____
68%
Puerto A____
68%
Qa___
68%
Qaqo____
68%
Qasr al Faraf____
68%
Qu_____
68%
Rankin I____
68%
Rapid_____
68%
Rik____
68%
Ro___
68%
Ro__
68%
Rockha_____
68%
Roxby D____
68%
Ru___
68%
Sa_____
68%
Sa____
68%
Saint Geor____
68%
Saint J_____
68%
San A_____
68%
Sand Po___
68%
San F_____
68%
San Ju____
68%
San R____
68%
Santa Vitória do P_____
68%
Santiago Pinotepa Nac_____
68%
Sao _____
68%
Sao Felix do _____
68%
Sao Gabriel da Cach_____
68%
Sasky____
68%
Sault Ste. _____
68%
Sayn_____
68%
Sel_____
68%
Sept_____
68%
Severobai_____
68%
Severour_____
68%
Severo-Yenisey____
68%
Sh_____
68%
Shygh____
68%
Sisi____
68%
Sl____
68%
So__
68%
Sta____
68%
Su__
68%
Su_
68%
Sus____
68%
Swan R____
68%
Ta___
68%
Ta____
68%
Tabwakea Vil____
68%
Tamanr_____
68%
Taoud____
68%
Tasi____
68%
Tbeng Mea_____
68%
Te__
68%
Te_____
68%
Tegul____
68%
Tennant C____
68%
Tho_____
68%
Thunde_____
68%
Ti___
68%
To_____
68%
To___
68%
Tobi Villa__
68%
Tor_____
68%
Tor____
68%
Tr____
68%
Tu__
68%
Turukh____
68%
Um__
68%
Upern____
68%
Upi_____
68%
Ust-____
68%
Uumma____
68%
Val_____
68%
Velikiy U_____
68%
Vi_____
68%
Vic_____
68%
Villa A_____
68%
Vl___
68%
Vo_____
68%
Waita___
68%
Watson ____
68%
We__
68%
We___
68%
West Isl___
68%
Ya___
68%
Yar-____
68%
Yellow_____
68%
Yerboga____
68%
Ze__
68%
Zhig____
68%
Zhumy____
68%
Zyry____
68%
Kiev
66%
Los Angeles
66%
Tokyo
66%
Istanbul
65%
Milan
65%
New York
65%
Reykjavik
65%
Stockholm
65%
Barcelona
63%
Beijing
63%
Delhi
63%
Melbourne
63%
Cairo
61%
Lisbon
61%
Mexico City
61%
Naples
61%
Saint Petersburg
61%
Shanghai
61%
Atlanta
60%
Brasília
60%
Budapest
60%
Cape Town
60%
Jakarta
60%
Johannesburg
60%
Lima
60%
Miami
60%
San Francisco
60%
Tunis
60%
Warsaw
60%
Algiers
58%
Auckland
58%
Bucharest
58%
Cork
58%
Dar es Salaam
58%
Guangzhou
58%
Sana'a
58%
São Paulo
58%
Baghdad
56%
Casablanca
56%
Chicago
56%
Dallas
56%
Dubai
56%
Glasgow
56%
Manila
56%
Mumbai
56%
Osaka
56%
Perth
56%
Sarajevo
56%
Seattle
56%
Tehran
56%
Wellington
56%
Buenos Aires
55%
Houston
55%
Santiago
55%
Tripoli
55%
Amman
53%
Anchorage
53%
Athens
53%
Bangkok
53%
Dakar
53%
Honolulu
53%
Kinshasa
53%
Nairobi
53%
Phoenix
53%
Riyadh
53%
Seoul
53%
Toronto
53%
Addis Ababa
52%
Antananarivo
52%
Bogotá
52%
Copenhagen
52%
Dhaka
52%
George Town
52%
Georgetown
52%
Guatemala City
52%
Havana
52%
Kingston
52%
Nuuk
52%
Riga
52%
Baku
50%
Bordeaux
50%
Karachi
50%
Lagos
50%
La Paz
50%
Minneapolis
50%
Minsk
50%
Panama City
50%
Port Moresby
50%
Brisbane
48%
Caracas
48%
Colombo
48%
Denver
48%
Guadalajara
48%
Luanda
48%
Mogadishu
48%
Port Louis
48%
San José
48%
Singapore
48%
Windhoek
48%
Bergen
47%
Hanoi
47%
Kabul
47%
Khartoum
47%
Ljubljana
47%
Male
47%
Adelaide
45%
Asunción
45%
Calgary
45%
Harare
45%
Ho Chi Minh City
45%
Juba
45%
Kuwait City
45%
Lusaka
45%
Maputo
45%
New Orleans
45%
Ulaanbaatar
45%
Victoria
45%
Xi'an
45%
Bangalore
44%
Darwin
44%
Jeddah
44%
Kampala
44%
Kathmandu
44%
Lahore
44%
Monrovia
44%
Montréal
44%
Salt Lake City
44%
Sapporo
44%
Durban
42%
Hyderabad
42%
Juneau
42%
Memphis
42%
Odessa
42%
Praia
42%
Tbilisi
42%
Aleppo
40%
Jacksonville
40%
Málaga
40%
Medina
40%
Nouakchott
40%
Pale
40%
Santo Domingo
40%
Tashkent
40%
The Ruhr
40%
Trondheim
40%
Volgograd
40%
Xiamen
40%
Alice Springs
39%
Conakry
39%
Ahmedabad
37%
Bamako
37%
Benghazi
37%
Fairbanks
37%
Hobart
37%
Kharkiv
37%
N'Djamena
37%
Saint John's
37%
Saint Louis
37%
Stuttgart
37%
Suva
37%
Winnipeg
37%
Wuhan
37%
Yekaterinburg
37%
Apia
35%
Bloemfontein
35%
Boise
35%
Bridgetown
35%
Chengdu
35%
Cincinnati
35%
Libreville
35%
Majuro
35%
Manama
35%
Murmansk
35%
Novosibirsk
35%
Ouagadougou
35%
Port Elizabeth
35%
Saint George's
35%
Ürümqi
35%
Asmara
34%
Djibouti
34%
Edinburgh of the Seven Seas
34%
Halifax
34%
Las Palmas de Gran Canaria
34%
Lilongwe
34%
Luxor
34%
Manaus
34%
Monterrey
34%
Nizhny Novgorod
34%
Oulu
34%
Port Vila
34%
Recife
34%
Salvador
34%
Yangon
34%
Almaty
32%
Bangui
32%
Belo Horizonte
32%
Brest
32%
Honiara
32%
Mandalay
32%
Omsk
32%
Santa Cruz
32%
Tromso
32%
Yaoundé
32%
Funafuti
31%
Lhasa
31%
Lviv
31%
Mörön
31%
Nuku'alofa
31%
Pittsburgh
31%
Porto Alegre
31%
Sochi
31%
Sur
31%
Tarawa
31%
Ufa
31%
Vladivostok
31%
Yellowknife
31%
Abidjan
29%
Belém
29%
Davao
29%
Dunedin
29%
Fortaleza
29%
Harbin
29%
Kano
29%
Samara
29%
Albuquerque
27%
Jamestown
27%
Nome
27%
Omaha
27%
Perm
27%
Yakutsk
27%
Barrow
26%
Catania
26%
Cebu
26%
Dutch Harbor
26%
Faaa
26%
Iquitos
26%
Mashhad
26%
Stanley
26%
Arkhangel'sk
24%
Bujumbura
24%
Cayenne
24%
Funchal
24%
Guayaquil
24%
Irkutsk
24%
Lerwick
24%
Medan
24%
Rostov
24%
Saskatoon
24%
Surabaya
24%
Torshavn
24%
Townsville
24%
Adamstown
23%
Agadir
23%
Belize City
23%
Ciudad Juárez
23%
Fargo
23%
Grytviken
23%
Iqaluit
23%
Lubumbashi
23%
Lucknow
23%
Makassar
23%
Noumea
23%
Prince George
23%
Rapid City
23%
Spokane
23%
Thunder Bay
23%
Vigo
23%
Avarua
21%
Córdoba
21%
Dawson City
21%
Fukuoka
21%
Longyearbyen
21%
McMurdo Station
21%
Ponta Delgada
21%
Rankin Inlet
21%
Shiraz
21%
West Island
21%
Ambon
19%
Billings
19%
Broome
19%
Chihuahua
19%
Clyde River
19%
Cusco
19%
Da Nang
19%
Fort McMurray
19%
Haines Junction
19%
Hanga Roa
19%
Kodiak
19%
Kunming
19%
Magadan
19%
Maracaibo
19%
Mérida
19%
Nagpur
19%
Naha
19%
Port-aux-Francais
19%
Port Hedland
19%
Punta Arenas
19%
Qingdao
19%
Sault Ste. Marie
19%
Shenyang
19%
Upernavik
19%
Waitangi
19%
Anadyr
18%
Antofagasta
18%
Bethel
18%
Flying Fish Cove
18%
Geraldton
18%
Happy Valley-Goose Bay
18%
Koror State
18%
Limassol
18%
Noril'sk
18%
Petropavlovsk-Kamchatsky
18%
Puerto Montt
18%
Quetta
18%
Saipan
18%
São Luís
18%
Tabwakea Village
18%
Tulsa
18%
Virginia Beach
18%
Albany
16%
Astrakhan'
16%
Broken Hill
16%
Concepción
16%
Dodge City
16%
Eugene
16%
Eureka
16%
Gjoa Haven
16%
Haikou
16%
Jayapura
16%
Krasnoyarsk
16%
Mbuji-Mayi
16%
Mount Isa
16%
Olonkinbyen
16%
Porto Velho
16%
Puerto Ayora
16%
San Miguel de Tucuman
16%
Tabriz
16%
Umea
16%
Weno
16%
Akureyri
15%
Alofi
15%
Bodo
15%
Comodoro Rivadavia
15%
Dikson
15%
Fort Nelson
15%
Inuvik
15%
Kalgoorlie
15%
Lubbock
15%
Norman Wells
15%
Palembang
15%
Rikitea
15%
Rockhampton
15%
San Andres
15%
Sand Point
15%
Tamanrasset
15%
Boa Vista
13%
Carnarvon
13%
Colonia
13%
Corner Brook
13%
Ghat
13%
Khabarovsk
13%
Kugluktuk
13%
Lanzhou
13%
Leon
13%
Mount Hagen
13%
Orenburg
13%
Port Blair
13%
Sabha
13%
Salalah
13%
Sisimiut
13%
Swan River
13%
Tennant Creek
13%
Terrace
13%
Tobi Village
13%
Wau
13%
Wenzhou
13%
Atafu Village
11%
Atuona
11%
Bahia Blanca
11%
Bangor
11%
Fernando de Noronha
11%
Hami
11%
Hermosillo
11%
Hooper Bay
11%
Jodhpur
11%
Kisangani
11%
Kolonia
11%
Konya
11%
Mirny
11%
Neuquen
11%
Nikolayevsk-on-Amur
11%
Novyy Urengoy
11%
Okhotsk
11%
Port Mathurin
11%
Saratov
11%
Thompson
11%
Trujillo
11%
Vorkuta
11%
Watson Lake
11%
Yalta
11%
Al Jawf
10%
Antsiranana
10%
Beira
10%
Bratsk
10%
Campo Grande
10%
Chita
10%
Cockburn Town
10%
High Level
10%
Huambo
10%
Kashi
10%
Kotzebue
10%
Kuching
10%
Luderitz
10%
Mar del Plata
10%
Nhulunbuy
10%
Nukus
10%
Provideniya
10%
Sept-Iles
10%
Surgut
10%
Tasiilaq
10%
Tyumen
10%
Ust-Nera
10%
Aozou
8%
Camaguey
8%
Cargados Carajos
8%
Ciudad Guayana
8%
Coihaique
8%
Deputatsky
8%
Gao
8%
Iquique
8%
Kununurra
8%
Kyzyl
8%
Miraflores
8%
Nar'yan-Mar
8%
Newman
8%
North Platte
8%
Palmas
8%
Petrozavodsk
8%
Roma
8%
Samsun
8%
Sassari
8%
Sorong
8%
Taiyuan
8%
Tiksi
8%
Trelew
8%
Yuzhno-Sakhalinsk
8%
Zhengzhou
8%
Agadez
6%
Al Mukalla
6%
Altay
6%
Aral
6%
Arawa
6%
Arijejen
6%
Bechar
6%
Bosaso
6%
Coquimbo
6%
Cuiaba
6%
Culiacan
6%
Dakhla
6%
Francistown
6%
In Salah
6%
Karagandy
6%
Kerman
6%
Kirov
6%
Klyuchi
6%
Kupang
6%
Kuril'sk
6%
Kyzylorda
6%
Mata-Utu
6%
Neryungri
6%
Qaqortoq
6%
San Julian
6%
Sao Felix do Xingu
6%
Sao Gabriel da Cachoeira
6%
Saskylakh
6%
Severobaikalsk
6%
Tofol
6%
Ust-Kamenogorsk
6%
Vishakhapatnam
6%
Vlore
6%
Aktau
5%
Altai
5%
Arthur's Town
5%
Aykhal
5%
Balkhash
5%
Baotou
5%
Batagay
5%
Batman
5%
Bhubaneswar
5%
Bilibino
5%
Bryansk
5%
Campbell River
5%
El Daein
5%
Fada
5%
Guiyang
5%
Kamloops
5%
Kavieng
5%
Khatanga
5%
Kimbe
5%
Kismayo
5%
Kostanay
5%
Kota Kinabalu
5%
Kuybyshev
5%
Lata
5%
Madurai
5%
Minot
5%
Mtwara
5%
Nampula
5%
North Las Vegas
5%
Omsukchan
5%
Pangnirtung
5%
Pavlodar
5%
Roxby Downs
5%
Rundu
5%
Santarem
5%
Tamale
5%
Toliara
5%
Tura
5%
Upington
5%
'Ar'ar
3%
Armidale
3%
Balikpapan
3%
Balkanabat
3%
Bilma
3%
Bukhara
3%
Chumikan
3%
Drama
3%
Fuvahmulah
3%
Gaalkacyo
3%
Garoua
3%
Geneina
3%
Hotan
3%
Hovd
3%
Imperatriz
3%
Inari
3%
Juazeiro do Norte
3%
La Ronge
3%
Les Abymes
3%
Londrina
3%
Maun
3%
Mbeya
3%
Mersa Matruh
3%
Moerai
3%
Nabire
3%
Ossora
3%
Pechora
3%
Pevek
3%
Pucallpa
3%
Puerto Princesa
3%
Ranchi
3%
Rodos
3%
Saginaw
3%
Saint-Etienne
3%
San Ramon
3%
Severoural'sk
3%
Sinop
3%
Syktyvkar
3%
Tabuk
3%
Tarija
3%
Uummannaq
3%
Vilhena
3%
Weipa
3%
Yar-Sale
3%
Yerbogachen
3%
Zhigansk
3%
Zyryanka
3%
Atar
2%
Bodaybo
2%
Cabo Frio
2%
Camana
2%
Choibalsan
2%
Concord
2%
Concordia
2%
Eirunepe
2%
Griffith
2%
Hailar
2%
Hayil
2%
Hayma'
2%
Iranshahr
2%
Jacareacanga
2%
Jiayuguan
2%
Joinville
2%
Kandi
2%
Kapuskasing
2%
Khamis Mushait
2%
Kodinsk
2%
Korhogo
2%
Labuhanbajo
2%
Leh
2%
Lipetsk
2%
Manado
2%
Mbandaka
2%
Merimbula
2%
Mogocha
2%
Mongu
2%
Morehead
2%
Moutsamoudou
2%
Nema
2%
Nuiqsut
2%
Nyurba
2%
Olyokminsk
2%
Porto Seguro
2%
Qamdo
2%
Sagh
2%
Saynshand
2%
Severo-Yeniseyskiy
2%
Susuman
2%
Taoudenni
2%
Uberlandia
2%
Udon Thani
2%
Val-d'Or
2%
Villahermosa
2%
Xilin Hot
2%
Zhezqazghan
2%
Abu Sunbul
0%
Ad-Damazin
0%
Ahmadpur East
0%
Akita Shi
0%
Araouane
0%
Arauca
0%
Arba Minch'
0%
Awjilah
0%
Barreiras
0%
Belgaum
0%
Bengbu
0%
Berezovyy
0%
Blagoveshchensk
0%
Bourke
0%
Bria
0%
Budennovsk
0%
Caucasia
0%
Cherepovets
0%
Cherskiy
0%
Chiang Rai
0%
Chokurdakh
0%
Ciudad Mante
0%
Cobija
0%
Dalianwan
0%
Dimapur
0%
Dostyq
0%
Ebon
0%
El Bayadh
0%
El Oued
0%
Embi
0%
Enshi
0%
General Pico
0%
Ghadamis
0%
Guna
0%
Hadibu
0%
Hengchun
0%
Hengyang
0%
Hinton
0%
Hukuntsi
0%
Hyesan-si
0%
Illela
0%
Ingeniero Guillermo N. Juarez
0%
Inirida
0%
Ishigaki
0%
Jihlava
0%
Jolo
0%
Kavaratti
0%
Khandyga
0%
Kilifi
0%
Kokshetau
0%
Kolpashevo
0%
Kostomuksha
0%
Kota Bharu
0%
Kuraymah
0%
Leshukonskoye
0%
Likiep
0%
Lodwar
0%
Mahajanga
0%
Makurdi
0%
Manakara
0%
Mandera
0%
Mineiros
0%
Moanda
0%
Mpanda
0%
Mtinko
0%
Najafabad
0%
Namibe
0%
Novokuznetsk
0%
Nyagan
0%
Okrika
0%
Opuwo
0%
Ostrovnoy
0%
Padang
0%
Pangkalanbuun
0%
Pasto
0%
Petrovsk-Zabaykal'skiy
0%
Piedras Negras
0%
Piura
0%
Qasr al Farafirah
0%
Qulsary
0%
Sabang
0%
Saguenay
0%
San Felipe
0%
Santa Vitória do Palmar
0%
Santiago Pinotepa Nacional
0%
Sao Borja
0%
Saurimo
0%
Selibabi
0%
Shahrak
0%
Shangri-La
0%
Shuangyashan
0%
Shyghanaq
0%
Slupsk
0%
Sola
0%
Surat Thani
0%
Tabas
0%
Tbeng Meanchey
0%
Tefe
0%
Tegul'det
0%
Tirmiz
0%
Tokar
0%
Torghay
0%
Tortola
0%
Tuguegarao City
0%
Turukhansk
0%
Ulanhot
0%
Velikiye Luki
0%
Velikiy Ustyug
0%
Villa Angela
0%
Yingbazha
0%
Zabol
0%
Zeya
0%
Zhumysker
0%
No matching quizzes found
Score Distribution
Percent of People with Each Score
Percentile by Number Answered
Your Score History
You have not taken this quiz